000
00332nam a2200145Ia 4500
008
230312s9999||||xx |||||||||||||| ||und||
020
_a
0-00712276-4
082
_a
941.0730
_b
FOR-G
100
_a
Foreman;Amanda
245
0
_a
Georgiana's World
260
_b
Foreman
_c
2001
300
_a
251
650
_a
Architecture
942
_c
BK
999
_c
12080
_d
12080